[Event "chess.com SpeedChess 2024"]
[Site "chess.com INT"]
[Date "2024.07.25"]
[Round "1.1"]
[Board "1"]
[White "Duda, Jan-Krzysztof"]
[Black "Erigaisi, Arjun"]
[Result "0-1"]
[WhiteTitle "GM"]
[BlackTitle "GM"]
[WhiteElo "2733"]
[BlackElo "2778"]
[WhiteFideId "1170546"]
[BlackFideId "35009192"]
[EventDate "2024.07.25"]
[EventType "k.o."]

1. e4 c5 2. Nf3 Nc6 3. Bb5 d6 4. O-O Bd7 5. Re1 Nf6 6. c3 a6 7. Bf1 Bg4 8. h3
Bxf3 9. Qxf3 e6 10. d3 Be7 11. Nd2 O-O 12. Qd1 d5 13. e5 Nd7 14. Nf3 d4 15. c4
b5 16. b3 bxc4 17. bxc4 Rb8 18. g3 Qa5 19. h4 Rb7 20. Bg2 Rfb8 21. Ng5 Bxg5 22.
Bxg5 Qc7 23. Bf4 Rb2 24. h5 Ncxe5 25. h6 g6 26. Qa4 Qd6 27. Re4 f6 28. Rae1 Rb1
29. Qc2 R1b2 30. Qa4 g5 31. Bc1 R2b4 32. Qd1 f5 33. R4e2 Rb1 34. Qd2 f4 35. gxf4
Ng6 36. Rxe6 Qxf4 37. Bd5 Kh8 38. Re8+ Rxe8 39. Rxe8+ Ndf8 40. Re1 Qg4+ 41. Kf1
Nf4 42. Re8 Qh3+ 43. Kg1 Qxh6 44. Qd1 Qf6 0-1

[Event "chess.com SpeedChess 2024"]
[Site "chess.com INT"]
[Date "2024.07.25"]
[Round "1.2"]
[Board "2"]
[White "Erigaisi, Arjun"]
[Black "Duda, Jan-Krzysztof"]
[Result "1/2-1/2"]
[WhiteTitle "GM"]
[BlackTitle "GM"]
[WhiteElo "2778"]
[BlackElo "2733"]
[WhiteFideId "35009192"]
[BlackFideId "1170546"]
[EventDate "2024.07.25"]
[EventType "k.o."]

1. Nf3 Nf6 2. g3 d5 3. Bg2 c5 4. O-O Nc6 5. d4 e6 6. c4 dxc4 7. Qa4 Bd7 8. Qxc4
cxd4 9. Nxd4 Rc8 10. Nc3 Nxd4 11. Qxd4 Bc5 12. Qh4 Bc6 13. Bg5 Be7 14. Bxc6+
Rxc6 15. Rad1 Qa5 16. Ne4 Qf5 17. Nxf6+ Bxf6 18. Bxf6 Qxf6 19. Qb4 Qe7 20. Qd4
O-O 21. Rd2 h6 22. Rfd1 Rfc8 23. Qxa7 Ra6 24. Qe3 Rxa2 25. Qb3 Ra7 26. Rd7 Qf6
27. Rxb7 Rxb7 28. Qxb7 Rc2 29. Qa8+ Kh7 30. Qe4+ Qg6 31. Qe5 Qg4 32. f3 Qc4 33.
Kf2 f6 34. Qe3 Rxb2 35. Qd3+ Qxd3 36. Rxd3 e5 37. h4 1/2-1/2

[Event "chess.com SpeedChess 2024"]
[Site "chess.com INT"]
[Date "2024.07.25"]
[Round "1.3"]
[Board "3"]
[White "Duda, Jan-Krzysztof"]
[Black "Erigaisi, Arjun"]
[Result "1-0"]
[WhiteTitle "GM"]
[BlackTitle "GM"]
[WhiteElo "2733"]
[BlackElo "2778"]
[WhiteFideId "1170546"]
[BlackFideId "35009192"]
[EventDate "2024.07.25"]
[EventType "k.o."]

1. e4 c5 2. Nf3 Nc6 3. Bb5 d6 4. O-O Bd7 5. Re1 Nf6 6. c3 a6 7. Bf1 Bg4 8. h3
Bxf3 9. Qxf3 e6 10. d3 Be7 11. Qg3 Rg8 12. f4 g5 13. fxg5 h6 14. Qh4 Nh7 15.
Qxh6 Nxg5 16. Qh5 Ne5 17. Kh1 Qb6 18. Na3 O-O-O 19. Qd1 Kb8 20. d4 cxd4 21. cxd4
Nc6 22. Be3 d5 23. exd5 exd5 24. Qb3 Qc7 25. Rac1 Ne4 26. Bxa6 Bb4 27. Bxb7 Rxg2
28. Bg1 Rdg8 29. Rxe4 R8g3 30. Bxc6 Rxb3 31. Re8+ Ka7 32. Nb5+ Kb6 33. Nxc7
Rgxb2 34. Nxd5+ 1-0

[Event "chess.com SpeedChess 2024"]
[Site "chess.com INT"]
[Date "2024.07.25"]
[Round "1.4"]
[Board "4"]
[White "Erigaisi, Arjun"]
[Black "Duda, Jan-Krzysztof"]
[Result "0-1"]
[WhiteTitle "GM"]
[BlackTitle "GM"]
[WhiteElo "2778"]
[BlackElo "2733"]
[WhiteFideId "35009192"]
[BlackFideId "1170546"]
[EventDate "2024.07.25"]
[EventType "k.o."]

1. d4 Nf6 2. c4 e6 3. Bg5 h6 4. Bh4 Bb4+ 5. Nd2 g5 6. Bg3 Ne4 7. Nf3 b6 8. a3
Nxg3 9. hxg3 Bf8 10. Qc2 Bb7 11. e3 Bg7 12. Bd3 Qe7 13. O-O-O Nc6 14. d5 Ne5 15.
Nxe5 Bxe5 16. dxe6 dxe6 17. Be4 c6 18. Nf3 Bg7 19. g4 O-O 20. Rh3 Rfd8 21. Rdh1
Qf6 22. Nd4 Rd7 23. Rf3 Qe5 24. Nxc6 Qc7 25. Nb4 Rad8 26. Bxb7 Qxb7 27. e4 a5
28. Na2 Rd2 29. Qxd2 Rxd2 30. Kxd2 Qxe4 31. Nc3 Qxg4 32. Rg3 Qxc4 33. Rd3 b5 34.
g3 b4 35. axb4 Qxb4 36. Kc2 Qc5 37. Rd2 Qf5+ 38. Kb3 Kh7 39. Ra1 Kg6 40. Ra4 h5
41. Rc4 Qf3 42. Ka4 Bf6 43. Ne4 Be7 44. Rd7 Bb4 45. Rd8 Qe2 46. Kb3 Kg7 47. Nc3
Qxf2 48. Rcc8 Qxg3 49. Rg8+ Kh6 50. Rh8+ Kg6 51. Rcg8+ Kf5 52. Rxh5 f6 53. Kc4
Qg4+ 54. Ne4 Qxe4+ 0-1

[Event "chess.com SpeedChess 2024"]
[Site "chess.com INT"]
[Date "2024.07.25"]
[Round "1.5"]
[Board "5"]
[White "Duda, Jan-Krzysztof"]
[Black "Erigaisi, Arjun"]
[Result "0-1"]
[WhiteTitle "GM"]
[BlackTitle "GM"]
[WhiteElo "2733"]
[BlackElo "2778"]
[WhiteFideId "1170546"]
[BlackFideId "35009192"]
[EventDate "2024.07.25"]
[EventType "k.o."]

1. d4 Nf6 2. c4 e6 3. Nf3 d5 4. g3 Bb4+ 5. Bd2 Be7 6. Qc2 Nbd7 7. Bg2 c6 8. O-O
O-O 9. Bf4 a5 10. Rd1 a4 11. a3 Ne4 12. Nc3 Nxc3 13. Qxc3 Nb6 14. Nd2 g5 15. Be3
f5 16. f3 f4 17. Bf2 Bf6 18. Rac1 Bd7 19. e4 Be8 20. Bh3 Bf7 21. Qb4 Ra7 22.
gxf4 gxf4 23. Kh1 Kh8 24. Rg1 Re8 25. Rg2 Nd7 26. cxd5 cxd5 27. exd5 exd5 28.
Qd6 Nf8 29. Qxf4 Ng6 30. Qc7 Qxc7 31. Rxc7 Bg8 32. Bf5 Nh4 33. Bxh4 Bxh4 34. Rg4
Bf6 35. Nf1 Ra6 36. Ng3 Rb6 37. Nh5 Rf8 38. Nxf6 Rbxf6 39. Bc8 Rxf3 40. Bxb7
Rf1+ 41. Rg1 R1f2 42. Rg2 Rf1+ 43. Rg1 R1f4 44. Rd1 Rh4 45. Rd2 Be6 46. Re7 Bh3
47. Ba6 Rhf4 48. Re1 Rf3 49. Bb5 h5 50. Rg1 Bg4 51. Bxa4 Rf2 52. Rxf2 Rxf2 53.
Bd1 Bf5 54. Re1 Be4+ 55. Kg1 Rg2+ 56. Kf1 Rxh2 57. b4 h4 58. Bg4 h3 59. Re3 Rh1+
60. Kf2 h2 61. Rh3+ Kg7 62. Bf3 Ra1 63. Bxe4 dxe4 64. Rxh2 Rxa3 65. Rh5 Rd3 66.
Rd5 Kf6 0-1

[Event "chess.com SpeedChess 2024"]
[Site "chess.com INT"]
[Date "2024.07.25"]
[Round "1.6"]
[Board "6"]
[White "Erigaisi, Arjun"]
[Black "Duda, Jan-Krzysztof"]
[Result "1/2-1/2"]
[WhiteTitle "GM"]
[BlackTitle "GM"]
[WhiteElo "2778"]
[BlackElo "2733"]
[WhiteFideId "35009192"]
[BlackFideId "1170546"]
[EventDate "2024.07.25"]
[EventType "k.o."]

1. d4 Nf6 2. c4 e6 3. Bg5 h6 4. Bh4 Be7 5. Nc3 d5 6. e3 Nbd7 7. cxd5 Nxd5 8. Bg3
c5 9. Nf3 cxd4 10. exd4 Qa5 11. Rc1 b6 12. Qb3 Nxc3 13. bxc3 Ba6 14. Bxa6 Qxa6
15. c4 Qa5+ 16. Ke2 O-O 17. Rhd1 Rfd8 18. Kf1 Rac8 19. h3 Nf6 20. Be5 Nd7 21.
Bf4 Qf5 22. Be3 Rc7 23. d5 Bf6 24. d6 Rcc8 25. Qa4 Qe4 26. Kg1 Qb7 27. Qb5 Nc5
28. a4 Qc6 29. Bxc5 Qxc5 30. Qa6 Rd7 31. Nd2 Rxd6 32. Ne4 Rxd1+ 33. Rxd1 Qc7 34.
Nxf6+ gxf6 35. Rd4 f5 36. Qb5 Rd8 37. Rxd8+ Qxd8 38. g3 Qd1+ 39. Kg2 Qd4 40. a5
Kf8 41. axb6 axb6 42. Qa6 Kg7 43. h4 Qe4+ 44. Kg1 Qd4 45. Kg2 f4 46. gxf4 Qxf4
47. Qxb6 Qg4+ 48. Kh2 Qxh4+ 49. Kg2 Qg4+ 50. Kh2 Qxc4 51. Qb2+ Kg6 52. Qb1+ Kg5
53. Qb7 Qf4+ 54. Kg1 h5 55. Qe7+ Kg6 56. Qe8 Qg5+ 57. Kf1 Qc1+ 58. Kg2 Qg5+ 59.
Kf1 Qf6 60. Qg8+ Qg7 61. Qd8 Kf5 62. Qd3+ Kg5 63. Qe3+ Kg6 64. Qd3+ Kh6 65. Qe3+
Qg5 66. Qc3 Kh7 67. Qd3+ Qf5 68. Qd4 e5 69. Qh4 Qd3+ 70. Kg2 Qg6+ 71. Kf1 Qd3+
72. Kg2 Qf5 73. Kf1 Kg6 74. Qg3+ Qg5 75. Qd3+ Kg7 76. Qe4 Qc1+ 77. Kg2 Qf4 78.
Qc6 Qg4+ 79. Kf1 h4 80. Qd6 Qe4 81. Qd8 Qh1+ 82. Ke2 Qe4+ 83. Kf1 Qg4 84. Qe7
Qf4 85. Qd7 Kg6 86. Qc8 Kg5 87. Qg8+ Kf6 88. Qd8+ Kg7 89. Qc8 Qf3 90. Qd8 Qh1+
91. Ke2 Qe4+ 92. Kf1 1/2-1/2

[Event "chess.com SpeedChess 2024"]
[Site "chess.com INT"]
[Date "2024.07.25"]
[Round "1.7"]
[Board "7"]
[White "Duda, Jan-Krzysztof"]
[Black "Erigaisi, Arjun"]
[Result "1-0"]
[WhiteTitle "GM"]
[BlackTitle "GM"]
[WhiteElo "2733"]
[BlackElo "2778"]
[WhiteFideId "1170546"]
[BlackFideId "35009192"]
[EventDate "2024.07.25"]
[EventType "k.o."]

1. c4 e5 2. Nc3 d6 3. Nf3 f5 4. d4 e4 5. Ng5 Be7 6. h4 c6 7. Bf4 Nf6 8. e3 Na6
9. Be2 Nc7 10. Bg3 O-O 11. Qb3 Rb8 12. h5 Ng4 13. Nh3 Ne6 14. Bxg4 fxg4 15. Nf4
Nxf4 16. Bxf4 Bf5 17. c5+ Kh8 18. cxd6 Bxd6 19. Ne2 Qa5+ 20. Kf1 Bxf4 21. Nxf4
g3 22. fxg3 c5 23. dxc5 Qxc5 24. Kf2 Rbc8 25. Rac1 Qxc1 26. Rxc1 Rxc1 27. Qxb7
Bg4 28. h6 gxh6 29. Qxe4 Rfc8 30. Qe5+ Kg8 31. e4 R8c2+ 32. Ke3 Re1+ 33. Kd3 Rc8
34. Nd5 Rd1+ 35. Ke3 Re1+ 36. Kf4 1-0

[Event "chess.com SpeedChess 2024"]
[Site "chess.com INT"]
[Date "2024.07.25"]
[Round "1.8"]
[Board "8"]
[White "Erigaisi, Arjun"]
[Black "Duda, Jan-Krzysztof"]
[Result "1-0"]
[WhiteTitle "GM"]
[BlackTitle "GM"]
[WhiteElo "2778"]
[BlackElo "2733"]
[WhiteFideId "35009192"]
[BlackFideId "1170546"]
[EventDate "2024.07.25"]
[EventType "k.o."]

1. d4 Nf6 2. c4 e6 3. Bg5 h6 4. Bh4 Be7 5. Nc3 d5 6. e3 Nbd7 7. Nf3 O-O 8. cxd5
Nxd5 9. Bg3 c5 10. Bd3 cxd4 11. exd4 N7f6 12. O-O b6 13. Ne5 Bb7 14. Re1 Rc8 15.
Rc1 Nxc3 16. bxc3 Qd5 17. f3 Rxc3 18. Bh7+ Nxh7 19. Rxc3 Bb4 20. Rc7 Bxe1 21.
Qxe1 Nf6 22. Qc3 Ba6 23. Rxa7 Qxa2 24. h3 Nd5 25. Qe1 Qe2 26. Qxe2 Bxe2 27. Kf2
Bb5 28. h4 h5 29. Bh2 f6 30. Ng6 Rc8 31. Bd6 Rc2+ 32. Kg1 Bc6 33. Bf8 Bb7 34.
Rxb7 Rc7 35. Rxc7 Nxc7 36. Bb4 Nb5 37. Ne7+ Kf7 38. Nc6 Nc7 39. Kf2 Ke8 40. Bd2
Nd5 41. Nb4 Ne7 42. g4 hxg4 43. fxg4 Kf7 44. Kf3 Ng6 45. h5 Ne7 46. Bf4 b5 47.
Bd6 Ng8 48. Nc6 g6 49. hxg6+ Kxg6 50. Nd8 e5 51. dxe5 fxe5 52. Bxe5 Ne7 53. Bd6
Nd5 54. Ne6 Nf6 55. Nf4+ Kf7 56. g5 Nh7 57. g6+ Kg8 58. gxh7+ Kxh7 59. Kg4 Kg7
60. Kf5 Kf7 61. Bb4 Ke8 62. Ke6 Kd8 63. Nd5 Kc8 64. Ke7 Kb8 65. Kd7 Kb7 66. Kd6
Kc8 67. Ba5 b4 68. Bxb4 Kb7 69. Kc5 Ka6 70. Kc6 Ka7 71. Nc7 Kb8 72. Bc5 Kc8 73.
Ba7 Kd8 74. Nd5 Kc8 75. Ne7+ Kd8 76. Kd6 Ke8 77. Ke6 Kf8 78. Nf5 Ke8 79. Bb6 Kf8
80. Ba5 Ke8 81. Ng7+ Kf8 82. Kf6 Kg8 83. Kg6 Kf8 84. Bb4+ Kg8 85. Nf5 1-0

[Event "chess.com SpeedChess 2024"]
[Site "chess.com INT"]
[Date "2024.07.25"]
[Round "1.9"]
[Board "9"]
[White "Duda, Jan-Krzysztof"]
[Black "Erigaisi, Arjun"]
[Result "1-0"]
[WhiteTitle "GM"]
[BlackTitle "GM"]
[WhiteElo "2733"]
[BlackElo "2778"]
[WhiteFideId "1170546"]
[BlackFideId "35009192"]
[EventDate "2024.07.25"]
[EventType "k.o."]

1. c4 e6 2. Nf3 d5 3. g3 Nf6 4. Bg2 dxc4 5. Qa4+ Nbd7 6. Qxc4 c5 7. Qb3 Bd6 8.
O-O Rb8 9. Nc3 a6 10. d4 b5 11. dxc5 Nxc5 12. Qc2 Bb7 13. Rd1 Rc8 14. Bf4 Nce4
15. Ng5 e5 16. Bxe4 1-0

[Event "chess.com SpeedChess 2024"]
[Site "chess.com INT"]
[Date "2024.07.25"]
[Round "1.10"]
[Board "10"]
[White "Erigaisi, Arjun"]
[Black "Duda, Jan-Krzysztof"]
[Result "1-0"]
[WhiteTitle "GM"]
[BlackTitle "GM"]
[WhiteElo "2778"]
[BlackElo "2733"]
[WhiteFideId "35009192"]
[BlackFideId "1170546"]
[EventDate "2024.07.25"]
[EventType "k.o."]

1. d4 d5 2. c4 e6 3. Nc3 a6 4. cxd5 exd5 5. Nf3 h6 6. Bf4 Nf6 7. e3 Bd6 8. Bxd6
Qxd6 9. Bd3 O-O 10. Qc2 Be6 11. O-O Nbd7 12. Rac1 Rac8 13. h3 c5 14. dxc5 Nxc5
15. Rfd1 Qe7 16. Nd4 Nxd3 17. Qxd3 Rc7 18. Nce2 Rfc8 19. Rxc7 Rxc7 20. f3 Bd7
21. Qd2 Rc8 22. Nf4 Re8 23. Kf2 Qd6 24. Rc1 g5 25. Nfe2 Qh2 26. Ng3 Bxh3 27. Rg1
Bxg2 28. Rxg2 Qh3 29. Ndf5 h5 30. Qd4 Re6 31. Kg1 h4 32. Rh2 1-0

[Event "chess.com SpeedChess 2024"]
[Site "chess.com INT"]
[Date "2024.07.25"]
[Round "1.11"]
[Board "11"]
[White "Duda, Jan-Krzysztof"]
[Black "Erigaisi, Arjun"]
[Result "1-0"]
[WhiteTitle "GM"]
[BlackTitle "GM"]
[WhiteElo "2733"]
[BlackElo "2778"]
[WhiteFideId "1170546"]
[BlackFideId "35009192"]
[EventDate "2024.07.25"]
[EventType "k.o."]

1. c4 e6 2. Nf3 d5 3. g3 Nf6 4. Bg2 Be7 5. O-O O-O 6. d4 dxc4 7. Qa4 a6 8. Qxc4
b5 9. Qc2 Bb7 10. Bg5 Nbd7 11. Rd1 Rc8 12. Bxf6 Nxf6 13. Nc3 Qd6 14. e4 Qb6 15.
e5 Nd5 16. Ne4 Nb4 17. Qe2 Bxe4 18. Qxe4 h6 19. a3 Nd5 20. Bf1 c5 21. Bd3 g6 22.
h4 c4 23. Bc2 b4 24. axb4 Nxb4 25. Bb1 c3 26. bxc3 Nd5 27. Qg4 h5 28. Qh3 Nxc3
29. Re1 a5 30. Bd3 a4 31. g4 Kh8 32. Qg3 Rg8 33. Qf4 Rg7 34. Kh2 Nd5 35. Qg3 a3
36. Rab1 Qc7 37. Rg1 hxg4 38. Qxg4 a2 39. Ra1 Qc3 40. Be4 Nb4 41. Qf4 Rh7 42.
Kg2 Qb2 43. h5 Rxh5 44. Qxf7 Rf8 45. Qxe7 Rg8 46. Qf6+ Kh7 47. Rh1 Rh6 48. Ng5# 1-0

[Event "chess.com SpeedChess 2024"]
[Site "chess.com INT"]
[Date "2024.07.25"]
[Round "1.12"]
[Board "12"]
[White "Erigaisi, Arjun"]
[Black "Duda, Jan-Krzysztof"]
[Result "1-0"]
[WhiteTitle "GM"]
[BlackTitle "GM"]
[WhiteElo "2778"]
[BlackElo "2733"]
[WhiteFideId "35009192"]
[BlackFideId "1170546"]
[EventDate "2024.07.25"]
[EventType "k.o."]

1. c4 Nf6 2. Nf3 e6 3. e3 d5 4. b3 Be7 5. Bb2 O-O 6. Nc3 c5 7. cxd5 exd5 8. Rc1
Nc6 9. Bb5 Bg4 10. Bxc6 bxc6 11. h3 Bh5 12. Na4 Nd7 13. O-O f5 14. d4 Rf6 15.
Nxc5 Bxc5 16. dxc5 Rg6 17. Kh1 Rb8 18. Qd4 Bxf3 19. gxf3 Qg5 20. Rg1 Qh6 21.
Rxg6 hxg6 22. Kg2 Re8 23. Qa4 Re6 24. Qxa7 Qg5+ 25. Kf1 Re7 26. Qc7 Kh7 27. Qxc6 1-0

[Event "chess.com SpeedChess 2024"]
[Site "chess.com INT"]
[Date "2024.07.25"]
[Round "1.13"]
[Board "13"]
[White "Duda, Jan-Krzysztof"]
[Black "Erigaisi, Arjun"]
[Result "1-0"]
[WhiteTitle "GM"]
[BlackTitle "GM"]
[WhiteElo "2733"]
[BlackElo "2778"]
[WhiteFideId "1170546"]
[BlackFideId "35009192"]
[EventDate "2024.07.25"]
[EventType "k.o."]

1. e4 e6 2. d4 d5 3. e5 c5 4. c3 Nc6 5. Nf3 Bd7 6. Be2 Nge7 7. O-O Ng6 8. g3 f6
9. exf6 Qxf6 10. Bg5 Qf7 11. Be3 cxd4 12. cxd4 Bd6 13. Nc3 O-O 14. Ng5 Qf6 15.
f4 Nge7 16. Nce4 dxe4 17. Nxe4 Qh6 18. Nxd6 Nd5 19. Bf2 Nce7 20. Rc1 Bc6 21. Bf3
Rad8 22. Nc4 Ng6 23. Ne3 Ndxf4 24. gxf4 Nxf4 25. Bxc6 bxc6 26. Bg3 Rxd4 27. Qc2
e5 28. Nf5 1-0

[Event "chess.com SpeedChess 2024"]
[Site "chess.com INT"]
[Date "2024.07.25"]
[Round "1.14"]
[Board "14"]
[White "Erigaisi, Arjun"]
[Black "Duda, Jan-Krzysztof"]
[Result "1-0"]
[WhiteTitle "GM"]
[BlackTitle "GM"]
[WhiteElo "2778"]
[BlackElo "2733"]
[WhiteFideId "35009192"]
[BlackFideId "1170546"]
[EventDate "2024.07.25"]
[EventType "k.o."]

1. Nf3 Nf6 2. c4 e6 3. b3 d5 4. Bb2 Be7 5. e3 O-O 6. Nc3 dxc4 7. bxc4 c5 8. Rg1
b6 9. g4 Bb7 10. h4 Nbd7 11. g5 Nh5 12. Nh2 g6 13. Ng4 f5 14. Nh6+ Kh8 15. Nd5+
e5 16. Bg2 Bxg5 17. hxg5 Qxg5 18. Qa4 Rad8 19. f4 Qxh6 20. fxe5 Ng7 21. O-O-O b5
22. Qxa7 Bxd5 23. Bxd5 Rfe8 24. e6 Nb8 25. Rh1 Nc6 1-0

[Event "chess.com SpeedChess 2024"]
[Site "chess.com INT"]
[Date "2024.07.25"]
[Round "1.15"]
[Board "15"]
[White "Duda, Jan-Krzysztof"]
[Black "Erigaisi, Arjun"]
[Result "1/2-1/2"]
[WhiteTitle "GM"]
[BlackTitle "GM"]
[WhiteElo "2733"]
[BlackElo "2778"]
[WhiteFideId "1170546"]
[BlackFideId "35009192"]
[EventDate "2024.07.25"]
[EventType "k.o."]

1. Nf3 Nf6 2. c4 e6 3. Nc3 d5 4. e3 Nbd7 5. b3 c6 6. Bb2 Bd6 7. d4 O-O 8. Be2 b6
9. O-O Bb7 10. Rc1 Rc8 11. Bd3 Re8 12. Qe2 e5 13. dxe5 Nxe5 14. Nxe5 Bxe5 15.
cxd5 Nxd5 16. Rfd1 Qd6 17. Nxd5 cxd5 18. Rxc8 Bxc8 19. Bxe5 Qxe5 20. Bb5 Rd8 21.
Rd4 Be6 22. Ba6 Rd7 23. g3 Rc7 24. Qd1 g6 25. Be2 Rc5 26. Kg2 Qc7 27. Bf3 Rc1
28. Qe2 Rc2 29. Rd2 Rxd2 30. Qxd2 Qc5 31. h4 h5 32. Qd4 Qxd4 33. exd4 Kf8 34.
Be2 Ke7 35. f3 a5 36. Kf2 Kd6 37. Bd3 Bd7 38. Ke3 Ke7 39. a3 Kf6 40. Kf4 Be6 41.
g4 Bd7 42. Bc2 Bc8 43. Bd3 Bd7 44. Ba6 Bc6 45. Bc8 hxg4 46. fxg4 Ke7 47. h5 gxh5
48. gxh5 Kf6 49. Bf5 Kg7 50. Ke5 Kh6 51. Kd6 Bb5 52. Bg4 Kg5 53. Bd1 f5 54. Kxd5
f4 55. Ke5 Be8 56. d5 b5 57. Ke6 Bxh5 58. Bxh5 Kxh5 59. d6 f3 60. d7 f2 61. d8=Q
f1=Q 62. Qd5+ Kg4 63. Kd7 a4 64. bxa4 bxa4 65. Qd4+ Qf4 66. Qxf4+ Kxf4 67. Kc6
Ke5 68. Kb5 Kd6 69. Kxa4 Kc7 70. Kb4 Kb8 71. a4 Ka8 72. a5 Kb8 73. Kb5 Ka8 74.
a6 Kb8 75. Kb6 Ka8 76. a7 1/2-1/2

[Event "chess.com SpeedChess 2024"]
[Site "chess.com INT"]
[Date "2024.07.25"]
[Round "1.16"]
[Board "16"]
[White "Erigaisi, Arjun"]
[Black "Duda, Jan-Krzysztof"]
[Result "0-1"]
[WhiteTitle "GM"]
[BlackTitle "GM"]
[WhiteElo "2778"]
[BlackElo "2733"]
[WhiteFideId "35009192"]
[BlackFideId "1170546"]
[EventDate "2024.07.25"]
[EventType "k.o."]

1. c4 Nf6 2. Nf3 b6 3. Nc3 Bb7 4. d4 e6 5. Qc2 Bb4 6. Bd2 O-O 7. e3 d6 8. Bd3
Nbd7 9. a3 Bxc3 10. Bxc3 Re8 11. e4 e5 12. d5 c6 13. O-O Nc5 14. dxc6 Bxc6 15.
Rfe1 Rc8 16. b4 Nxd3 17. Qxd3 Bxe4 18. Rxe4 Nxe4 19. Qxe4 d5 20. Qf5 d4 21. Bd2
Qf6 22. Qxf6 gxf6 23. Rc1 Re6 24. b5 f5 25. Bb4 f6 26. Kf1 Kf7 27. Ke2 Ree8 28.
a4 Rc7 29. Nd2 Rec8 30. f3 Ke6 31. Kd3 h5 32. g3 Rg8 33. Re1 h4 34. Nf1 hxg3 35.
hxg3 Rh8 36. f4 Rh3 37. a5 Rd7 38. axb6 e4+ 39. Kc2 axb6 40. Ra1 Rh1 41. Kd2 Rc7
42. Rc1 Rg1 43. Ke1 Rg2 44. c5 bxc5 45. b6 Rb7 46. Bxc5 Kd5 47. Kd1 e3 48. Ke1
Rb2 49. Bf8 R7xb6 50. Rd1 e2 51. Ne3+ Ke4 52. Rxd4+ 0-1

[Event "chess.com SpeedChess 2024"]
[Site "chess.com INT"]
[Date "2024.07.25"]
[Round "1.17"]
[Board "17"]
[White "Duda, Jan-Krzysztof"]
[Black "Erigaisi, Arjun"]
[Result "0-1"]
[WhiteTitle "GM"]
[BlackTitle "GM"]
[WhiteElo "2733"]
[BlackElo "2778"]
[WhiteFideId "1170546"]
[BlackFideId "35009192"]
[EventDate "2024.07.25"]
[EventType "k.o."]

1. d4 Nf6 2. Nf3 e6 3. Bg5 d5 4. e3 Be7 5. Nbd2 O-O 6. Bd3 b6 7. Qe2 Bb7 8. Ne5
Nbd7 9. f4 c5 10. c3 a5 11. Bxf6 Nxf6 12. Qf3 a4 13. a3 Ra5 14. g4 Qa8 15. O-O
Ne4 16. Bxe4 dxe4 17. Qh3 cxd4 18. exd4 Rb5 19. Nec4 f5 20. g5 Bd5 21. Rab1 Qc8
22. Ne3 Ba2 23. Qg3 Bxb1 24. Rxb1 Qc7 25. Qf2 Bd6 26. Ng2 Rc8 27. h4 Ra5 28. h5
Qb8 29. Qg3 Ra7 30. Rf1 Rac7 31. Ne3 b5 32. Rf2 Bxa3 33. bxa3 Rxc3 34. g6 h6 35.
Ndf1 b4 36. d5 b3 37. Qh4 b2 38. Rxb2 Qxb2 39. Qe7 Qxa3 40. d6 Kh8 41. Qxe6 Rg8
42. Nxf5 Qc5+ 43. Kg2 Rc2+ 44. Kh3 Qf2 45. N1g3 Qg2+ 46. Kh4 Qf3 47. Kh3 Rc1 48.
Kh4 Rh1+ 49. Nxh1 Qxh1+ 50. Kg3 Qf3+ 51. Kh2 Qxf4+ 52. Kh3 Qf3+ 53. Kh4 Qf4+ 54.
Kh3 e3 55. d7 Qf1+ 56. Kh4 Qf2+ 57. Kg4 Qe2+ 58. Kg3 Qe1+ 59. Kg4 Qd1+ 60. Kg3
e2 61. Nxh6 e1=Q+ 62. Qxe1 Qxe1+ 0-1

[Event "chess.com SpeedChess 2024"]
[Site "chess.com INT"]
[Date "2024.07.25"]
[Round "1.18"]
[Board "18"]
[White "Erigaisi, Arjun"]
[Black "Duda, Jan-Krzysztof"]
[Result "0-1"]
[WhiteTitle "GM"]
[BlackTitle "GM"]
[WhiteElo "2778"]
[BlackElo "2733"]
[WhiteFideId "35009192"]
[BlackFideId "1170546"]
[EventDate "2024.07.25"]
[EventType "k.o."]

1. Nf3 Nf6 2. c4 b6 3. b3 Bb7 4. Bb2 g6 5. g3 Bg7 6. Bg2 c5 7. O-O O-O 8. d4
cxd4 9. Qxd4 Nc6 10. Qh4 h6 11. g4 g5 12. Qh3 d6 13. Nc3 Qd7 14. Nd5 Nxg4 15.
Bxg7 Kxg7 16. Rad1 f5 17. Nd2 Nce5 18. f4 Ng6 19. Qc3+ Kg8 20. fxg5 hxg5 21. Nf3
e6 22. Nb4 Nf4 23. Qd2 Nxg2 24. Kxg2 f4 25. Kh1 Qh7 26. Kg1 Rad8 27. Nc2 e5 28.
e4 fxe3 29. Qg2 Bxf3 30. Rxf3 Rxf3 31. Qxg4 Rf4 32. Qg3 Qxc2 33. Qxg5+ Kf7 34.
Qh5+ Ke7 35. Qg5+ Rf6 36. Qg7+ Ke6 37. Qg4+ Qf5 0-1

[Event "chess.com SpeedChess 2024"]
[Site "chess.com INT"]
[Date "2024.07.25"]
[Round "1.19"]
[Board "19"]
[White "Duda, Jan-Krzysztof"]
[Black "Erigaisi, Arjun"]
[Result "0-1"]
[WhiteTitle "GM"]
[BlackTitle "GM"]
[WhiteElo "2733"]
[BlackElo "2778"]
[WhiteFideId "1170546"]
[BlackFideId "35009192"]
[EventDate "2024.07.25"]
[EventType "k.o."]

1. d4 c5 2. d5 d6 3. Nc3 a6 4. a4 g6 5. e4 Bg7 6. Nf3 Nf6 7. Be2 O-O 8. O-O Bg4
9. Re1 Nbd7 10. Nd2 Bxe2 11. Qxe2 Rb8 12. a5 Ne8 13. Nc4 Nc7 14. Bg5 h6 15. Bh4
Bf6 16. Bxf6 Nxf6 17. Na4 Nb5 18. Nab6 Re8 19. c3 e5 20. g3 h5 21. Rad1 Kg7 22.
Rd3 Qe7 23. Nd2 h4 24. Nbc4 Rh8 25. g4 Nh7 26. h3 Ng5 27. Kg2 Nc7 28. Nf3 Nh7
29. Qd2 Ne8 30. Rb1 Rc8 31. Re1 Nf8 32. Ng5 Nd7 33. Rf3 Nef6 34. Kh1 Rhf8 35.
Kg2 Rb8 36. Rd3 Qd8 37. Ra1 Qc7 38. Qe2 Rh8 39. Rd2 Rbf8 40. Nf3 Ne8 41. Qe3 f6
42. Kh2 Qd8 43. Rdd1 Qe7 44. Rg1 Nc7 45. Qd3 Kf7 46. Ne3 Ke8 47. Nd2 Qg7 48.
Ndc4 Ke7 49. Rab1 Qh6 50. Kg2 Qf4 51. Rge1 Nb5 52. Re2 Rhg8 53. Rbe1 f5 54. Nf1
fxg4 55. Nh2 gxh3+ 56. Qxh3 g5 57. Qe6+ Kd8 58. Nxd6 Nxd6 59. Qxd6 Rf6 60. Qe6
Rxe6 61. dxe6 Nf6 62. Rd1+ Ke7 63. Red2 g4 64. Nf1 h3+ 65. Kg1 g3 66. fxg3 Rxg3+
67. Nxg3 Qxg3+ 68. Kh1 Nxe4 0-1

[Event "chess.com SpeedChess 2024"]
[Site "chess.com INT"]
[Date "2024.07.25"]
[Round "1.20"]
[Board "20"]
[White "Erigaisi, Arjun"]
[Black "Duda, Jan-Krzysztof"]
[Result "1-0"]
[WhiteTitle "GM"]
[BlackTitle "GM"]
[WhiteElo "2778"]
[BlackElo "2733"]
[WhiteFideId "35009192"]
[BlackFideId "1170546"]
[EventDate "2024.07.25"]
[EventType "k.o."]

1. Nf3 Nf6 2. c4 b6 3. g3 Bb7 4. Bg2 c5 5. O-O g6 6. b3 Bg7 7. Bb2 O-O 8. d4
cxd4 9. Qxd4 Nc6 10. Qh4 h6 11. g4 g5 12. Qh3 d6 13. Nbd2 Qd7 14. Bxf6 Bxf6 15.
Qxh6 Qxg4 16. Rae1 Nd4 17. h3 Nxf3+ 18. Nxf3 Qf5 19. e4 Bxe4 20. Nd4 Qg6 21.
Qxg6+ Bxg6 22. Bxa8 Bxd4 23. Be4 Bh5 24. Kg2 e5 25. Bf5 Kg7 26. Rh1 Kf6 27. Be4
Rg8 28. f3 a5 29. Kf1 Ke7 30. Ke2 Rf8 31. h4 g4 32. fxg4 Bxg4+ 33. Bf3 Be6 34.
h5 f5 35. Bd5 Bxd5 36. cxd5 e4 37. h6 Kf6 38. h7 Rh8 39. Rh4 Kg5 40. Reh1 f4 41.
Rh5+ Kg4 42. R1h4+ Kg3 43. Kf1 e3 44. Rh3+ Kg4 45. R5h4+ Kf5 46. Ke2 Ke4 47. Rf3
Be5 48. Rxe3+ Kxd5 49. Rd3+ Ke4 50. Re3+ Kf5 51. Reh3 Ke4 52. Rg3 Rxh7 53. Re3+
Kf5 54. Rxe5+ dxe5 55. Rxh7 1-0